00321nam a2200097Ia 4500008004100000041000800041100002700049245007700076260005100153999001900204241105s9999 xx 000 0 und d aeng aAgarwal Barsha9184201 aLandscape Policies And Design Strategies For The Revival Of Poisar River bBNCA M Arch Landscape Architecture, Punec2022 c362043d362043